Industrial plastics : (Record no. 32384)

000 -LEADER
fixed length control field 01149cam a22003254a 4500
001 - CONTROL NUMBER
control field 13076272
003 - CONTROL NUMBER IDENTIFIER
control field OSt
005 - DATE AND TIME OF LATEST TRANSACTION
control field 20211210112913.0
008 - FIXED-LENGTH DATA ELEMENTS--GENERAL INFORMATION
fixed length control field 030131s2004 nyua b 001 0 eng
010 ## - LIBRARY OF CONGRESS CONTROL NUMBER
LC control number 2003042609
020 ## - INTERNATIONAL STANDARD BOOK NUMBER
International Standard Book Number 1401804691 (core)
038 ## - RECORD CONTENT LICENSOR
Staff Name khadija
040 ## - CATALOGING SOURCE
Original cataloging agency DLC
Transcribing agency DLC
Modifying agency DLC
042 ## - AUTHENTICATION CODE
Authentication code pcc
050 00 - LIBRARY OF CONGRESS CALL NUMBER
Classification number TP1120
Item number .L6 2004
082 00 - DEWEY DECIMAL CLASSIFICATION NUMBER
Classification number 668.4
Edition number 21
Author Mark LOK
100 1# - MAIN ENTRY--PERSONAL NAME
Personal name Lokensgard, Erik.
9 (RLIN) 86346
245 10 - TITLE STATEMENT
Title Industrial plastics :
Remainder of title theory and applications /
Statement of responsibility, etc. Erik Lokensgard.
250 ## - EDITION STATEMENT
Edition statement 4th ed.
260 ## - PUBLICATION, DISTRIBUTION, ETC.
Place of publication, distribution, etc. Albany, NY :
Name of publisher, distributor, etc. Thomson Delmar Learning,
Date of publication, distribution, etc. c2004.
300 ## - PHYSICAL DESCRIPTION
Extent xvii, 528 p. :
Other physical details ill. ;
Dimensions 28 cm.
500 ## - GENERAL NOTE
General note First-2nd ed. by Terry L. Richardson; 3rd ed. by Terry L. Richardson and Erik Lokensgard.
504 ## - BIBLIOGRAPHY, ETC. NOTE
Bibliography, etc. note Includes bibliographical references (p. 517-519) and index.
563 ## - BINDING INFORMATION
Binding note PB
650 #0 - SUBJECT ADDED ENTRY--TOPICAL TERM
Topical term or geographic name entry element Plastics.
9 (RLIN) 86347
700 1# - ADDED ENTRY--PERSONAL NAME
Personal name Richardson, Terry L.
Title of a work Industrial plastics.
9 (RLIN) 86348
906 ## - LOCAL DATA ELEMENT F, LDF (RLIN)
a 7
b cbc
c orignew
d 1
e ocip
f 20
g y-gencatlg
942 ## - ADDED ENTRY ELEMENTS (KOHA)
Source of classification or shelving scheme
Koha item type Book
Holdings
Withdrawn status Lost status Source of classification or shelving scheme Damaged status Not for loan Permanent Location Current Location Shelving location Date acquired Full call number Barcode Date last seen Price effective from Koha item type
          School of Mechanical & Manufacturing Engineering (SMME) School of Mechanical & Manufacturing Engineering (SMME) General Stacks 08/28/2015 668.4 LOK SMME-1225 01/20/2017 08/28/2015 Book
© 2023 Central Library, National University of Sciences and Technology. All Rights Reserved.